Heritage And Environment : An Indian Diary (Record no. 13581)

MARC details
000 -LEADER
fixed length control field 00440nam a2200157Ia 4500
008 - FIXED-LENGTH DATA ELEMENTS--GENERAL INFORMATION
fixed length control field 220803s9999 xx 000 0 und d
020 ## - INTERNATIONAL STANDARD BOOK NUMBER
International Standard Book Number 81-901974-4-4
041 ## - LANGUAGE CODE
Language code of text/sound track or separate title eng
082 ## - DEWEY DECIMAL CLASSIFICATION NUMBER
Classification number 722 CHA
100 ## - MAIN ENTRY--PERSONAL NAME
Personal name Chainani S
9 (RLIN) 20140
245 ## - TITLE STATEMENT
Title Heritage And Environment : An Indian Diary
260 ## - PUBLICATION, DISTRIBUTION, ETC. (IMPRINT)
Place of publication, distribution, etc. New Delhi
Name of publisher, distributor, etc. Urban Design Research Institute
Date of publication, distribution, etc. 2007
300 ## - PHYSICAL DESCRIPTION
Extent 532p
500 ## - GENERAL NOTE
Keywords Architecture
650 ## - SUBJECT ADDED ENTRY--TOPICAL TERM
Topical term or geographic name as entry element Environmental Architecture
9 (RLIN) 20141
Holdings
Withdrawn status Lost status Damaged status Not for loan Collection code Home library Current library Shelving location Date acquired Vendor Cost, normal purchase price Total Checkouts Full call number Barcode Date last seen Cost, replacement price Bill Date Koha item type Original Barcode
        Book of M Arch EA Dr. Bhanuben Nanavati College of Architecture Dr. Bhanuben Nanavati College of Architecture   12/11/2008 Manneys Booksellers 846.05   720.9 CHA BNCA-BK-6297 03/08/2022 995.00 10/11/2008 Books B006297
          Dr. Bhanuben Nanavati College of Architecture Dr. Bhanuben Nanavati College of Architecture   29/03/2010       720.9 CHA/KAT BNCA-DB-356 03/08/2022   03/08/2022 Donated Book DB000356